000 01259nam a2200325 a 4500
001 ebr10513551
003 CaPaEBR
006 m u
007 cr cn|||||||||
008 110815s2011 inua sb 001 0 eng d
010 _z 2011034236
020 _z9781575062167 (hardback alk. paper)
020 _z9781575066547 (e-book)
040 _aCaPaEBR
_cCaPaEBR
035 _a(OCoLC)774282685
050 1 4 _aBS651
_b.W274 2011eb
082 0 4 _a231.7/65
_223
100 1 _aWalton, John H.,
_d1952-
245 1 0 _aGenesis 1 as ancient cosmology
_h[electronic resource] /
_cJohn H. Walton.
260 _aWinona Lake, Ind. :
_bEisenbrauns,
_c2011.
300 _axiii, 214 p. :
_bill.
504 _aIncludes bibliographical references and indexes.
533 _aElectronic reproduction.
_bPalo Alto, Calif. :
_cebrary,
_d2012.
_nAvailable via World Wide Web.
_nAccess may be limited to ebrary affiliated libraries.
630 0 0 _aBible.
_pO.T.
_pGenesis I
_xCriticism, interpretation, etc.
650 0 _aBiblical cosmology.
650 0 _aCosmogony.
655 7 _aElectronic books.
_2local
710 2 _aebrary, Inc.
856 4 0 _uhttp://site.ebrary.com/lib/rucke/Doc?id=10513551
_zAn electronic book accessible through the World Wide Web; click to view
999 _c220096
_d220096